000 00589nam a2200181Ia 4500
008 090630s9999 xx 000 0 und d
082 _b2455
100 _aकेळकर न. चि.
245 _aसुभाषित आणि विनोद.
_cकेळकर न. चि.
260 _bमोघे.
300 _a150
600 _aकेळकर न. चि.
630 _aसुभाषित आणि विनोद.
655 _aइतर.
700 _aकेळकर न. चि.
730 _aसुभाषित आणि विनोद.
942 _cBOOK
999 _c254311
_d254311